| 000 | 00958nam a22003017a 4500 | ||
|---|---|---|---|
| 003 | CHAP | ||
| 005 | 20220329134901.0 | ||
| 008 | 971013s1974 r 00010 d | ||
| 010 | _a27471 | ||
| 011 | _a28443 | ||
| 035 | _a32547 | ||
| 040 | _cCHAP | ||
| 090 | _aFolleto 9360 | ||
| 110 |
_aINIA. México. Campo Agrícola Experimental Cd. Delicias _958476 |
||
| 245 | _aRecomendaciones para trigo y avena en la región de Delicias, Chih., ciclo 1974-75 | ||
| 260 |
_aDelicias, Chih. : _bEl Campo, _c1974 |
||
| 300 |
_a23 p. _b: ilus |
||
| 490 |
_aCircular CIANE _v; 61 |
||
| 590 |
_aBATCH-UPD _b10 _c20130110 _lUCH01 _h0130 |
||
| 590 |
_aBATCH-UPD _b10 _c20130110 _lUCH01 _h2304 |
||
| 590 |
_aCONVERSION _b10 _c20130109 _lUCH01 _h1316 |
||
| 650 | 1 | 4 |
_aAvena _xChihuahua. _98508 |
| 650 | 1 | 4 |
_aTrigo _xChihuahua. _9114992 |
| 830 | 0 |
_aCircular CIANE _v; 61 _923367 |
|
| 901 | _aBK | ||
| 942 | _cFOLL | ||
| 949 |
_aFolleto 9360 _bBC _cFOLL _d-75839 _eTS1 _i32547 _mD _si |
||
| 999 |
_c27471 _d27471 |
||